All WWE SuperCard Rarities Season 1-11 - Statistics

General Stats
  • This quiz has been taken 20 times
  • The average score is 50 of 79
Answer Stats
Picture Answer % Correct
Common S1
92%
Rare S1
92%
Uncommon S2
92%
Legendary S1
83%
SummerSlam 20
83%
Super Rare S1
83%
Ultra Rare S1
83%
WrestleMania 35
83%
WrestleMania 38
83%
Epic S1
75%
Survivor S1
75%
WrestleMania 33
75%
WrestleMania 34
75%
WrestleMania 36
75%
WrestleMania 37
75%
WrestleMania 39
75%
WrestleMania 40
75%
WrestleMania 41
75%
Elite
67%
Hardened
67%
Octane
67%
Pantheon
67%
Royal Rumble
67%
SummerSlam 17
67%
SummerSlam 18
67%
SummerSlam 19
67%
SummerSlam 21
67%
SummerSlam 23
67%
SummerSlam 24
67%
Titan
67%
Vanguard
67%
Beast
58%
Behemoth
58%
Bio-Mechanical
58%
Cataclysm
58%
Crucible
58%
Eon
58%
Extinction
58%
Feral
58%
Forged
58%
Goliath
58%
Gothic
58%
Inferno
58%
Ink
58%
Invasion
58%
Legion
58%
Metal
58%
Monster
58%
Myth
58%
Neon
58%
Nightmare
58%
Noir
58%
Pixel
58%
Primal
58%
Road to WrestleMania
58%
Royal Rumble 21
58%
Royal Rumble 22
58%
Royal Rumble 23
58%
Royal Rumble 24
58%
Royal Rumble 25
58%
Shattered
58%
SummerSlam 25
58%
SummerSlam S2
58%
Swarm
58%
Tempest
58%
Ultimate
58%
Valhalla
58%
Valor
58%
WrestleMania S1
58%
Arcane
50%
Detention
50%
Elemental
50%
Enigma
50%
Maelstrom
50%
Mire
50%
Ronin
50%
SummerSlam BCE
50%
Tundra
50%
Unhinged
50%
No matching quizzes found
Score Distribution
Percent of People with Each Score
Percentile by Number Answered
Your Score History
You have not taken this quiz